[Event "Harrogate 4NCL op-B 29th"]
[Site "Harrogate"]
[Date "2023.01.22"]
[Round "5"]
[White "Pilley, Jack"]
[Black "Robson, Paul E"]
[Result "1-0"]
[WhiteElo "1944"]
[BlackElo "1942"]
[PlyCount "67"]
[EventDate "2023.01.20"]
[EventType "swiss"]
[EventRounds "5"]
[EventCountry "ENG"]
[SourceTitle "CBM 212 Extra"]
[Source "ChessBase"]
[SourceDate "2023.03.31"]
[SourceVersion "1"]
[SourceVersionDate "2023.03.31"]
[SourceQuality "1"]

1. e4 g6 2. d4 c5 3. c3 cxd4 4. cxd4 d5 5. e5 Nc6 6. Bb5 Bg7 7. Nf3 Bg4 8. Nbd2 e6 9. Bxc6+ bxc6 10. 0-0 Ne7 11. h3 Bxf3 12. Nxf3 0-0 13. Bd2 Qb6 14. Qc2 Rab8 15. b3 Nf5 16. Qc3 Rfc8 17. g4 Ne7 18. Rac1 Bf8 19. Ne1 Kg7 20. Nd3 Ng8 21. f4 Qd8 22. Rf3 f6 23. f5 gxf5 24. gxf5 exf5 25. Rxf5 fxe5 26. Nxe5 Qh4 27. Rf4 Qxf4 28. Bxf4 Rb7 29. Kh1 Kh8 30. Rg1 Nf6 31. Qf3 Bg7 32. Bh6 Ne4 33. Rxg7 Rxg7 34. Bxg7+ 1-0

[Event "Harrogate 4NCL op-B 29th"]
[Site "Harrogate"]
[Date "2023.01.22"]
[Round "4"]
[White "Robson, Paul E"]
[Black "Mata, Andrew B"]
[Result "1/2-1/2"]
[WhiteElo "1942"]
[BlackElo "1868"]
[PlyCount "140"]
[EventDate "2023.01.20"]
[EventType "swiss"]
[EventRounds "5"]
[EventCountry "ENG"]
[SourceTitle "CBM 212 Extra"]
[Source "ChessBase"]
[SourceDate "2023.03.31"]
[SourceVersion "1"]
[SourceVersionDate "2023.03.31"]
[SourceQuality "1"]

1. e4 c6 2. d4 d5 3. exd5 cxd5 4. c4 Nf6 5. Nc3 Nc6 6. Nf3 e6 7. Bg5 Be7 8. Bd3 dxc4 9. Bxc4 0-0 10. 0-0 a6 11. Re1 Qc7 12. Qe2 b5 13. Bb3 h6 14. Bh4 Bb7 15. Rad1 b4 16. Na4 Nd5 17. Bxe7 Ncxe7 18. Nc5 Nf4 19. Qd2 Bxf3 20. gxf3 Ned5 21. Kh1 a5 22. Re4 Rad8 23. Rg1 Kh8 24. Bxd5 Nxd5 25. Rh4 Kh7 26. Qd3+ g6 27. Nxe6 Qe7 28. Nxf8+ Rxf8 29. Re4 Qf6 30. Rg3 Rc8 31. Qd2 g5 32. Qd3 Kg7 33. Qd2 Kh7 34. Kg2 Nf4+ 35. Kf1 Nh5 36. Rh3 Nf4 37. Rg3 Nh5 38. Kg2 Nf4+ 39. Rxf4 Qxf4 40. Qd3+ Kg7 41. d5 Rd8 42. Rg4 Qe5 43. Rd4 f5 44. d6 Rd7 45. Rd5 Qe6 46. b3 Kg6 47. Qd2 Qf6 48. Rxa5 Qxd6 49. Qxd6+ Rxd6 50. Rb5 Rd4 51. Rb6+ Kg7 52. Ra6 Rd3 53. Ra4 Rd2 54. a3 bxa3 55. Rxa3 Rb2 56. Ra7+ Kg6 57. Rb7 Rb1 58. b4 f4 59. b5 Kh5 60. Rb8 Kh4 61. b6 h5 62. h3 Rb3 63. Rb7 Rb1 64. Rb8 Rb3 65. b7 Rb1 66. Kh2 Rb3 67. Kg2 Rb1 68. Kh2 Rb3 69. Kg2 Rb2 70. Kh2 Rxf2+ 1/2-1/2

[Event "Harrogate 4NCL op-B 29th"]
[Site "Harrogate"]
[Date "2023.01.21"]
[Round "3"]
[White "Procter, Colin S"]
[Black "Robson, Paul E"]
[Result "0-1"]
[WhiteElo "1820"]
[BlackElo "1942"]
[PlyCount "56"]
[EventDate "2023.01.20"]
[EventType "swiss"]
[EventRounds "5"]
[EventCountry "ENG"]
[SourceTitle "CBM 212 Extra"]
[Source "ChessBase"]
[SourceDate "2023.03.31"]
[SourceVersion "1"]
[SourceVersionDate "2023.03.31"]
[SourceQuality "1"]

1. d4 c5 2. d5 Nf6 3. Nc3 g6 4. g3 Bg7 5. Bg2 d6 6. e3 Na6 7. Nge2 Nc7 8. 0-0 b5 9. a3 Rb8 10. b4 0-0 11. Rb1 Bd7 12. bxc5 dxc5 13. d6 exd6 14. Qxd6 Ne6 15. Ne4 Nxe4 16. Bxe4 Rb6 17. Qd1 Qc8 18. Bb2 Rd8 19. Qc1 Bc6 20. Bxc6 Qxc6 21. Rd1 Rxd1+ 22. Qxd1 Bf8 23. Nf4 Nxf4 24. exf4 Qe4 25. Be5 f6 26. Bc7 Rb7 27. Qd8 Qc6 28. Bd6 Qxd6 0-1

[Event "Harrogate 4NCL op-B 29th"]
[Site "Harrogate"]
[Date "2023.01.20"]
[Round "1"]
[White "Butterworth, Paul"]
[Black "Robson, Paul E"]
[Result "0-1"]
[WhiteElo "1785"]
[BlackElo "1942"]
[PlyCount "76"]
[EventDate "2023.01.20"]
[EventType "swiss"]
[EventRounds "5"]
[EventCountry "ENG"]
[SourceTitle "CBM 212 Extra"]
[Source "ChessBase"]
[SourceDate "2023.03.31"]
[SourceVersion "1"]
[SourceVersionDate "2023.03.31"]
[SourceQuality "1"]

1. d4 Nf6 2. c4 c5 3. d5 b5 4. cxb5 a6 5. b6 Qxb6 6. Nc3 g6 7. e4 d6 8. Nf3 Bg7 9. Be2 0-0 10. 0-0 Nbd7 11. h3 Bb7 12. Qc2 e6 13. dxe6 fxe6 14. Be3 Rac8 15. Rac1 Qc6 16. Qb3 c4 17. Qb4 a5 18. Qb5 Nxe4 19. Qxc6 Bxc6 20. Nxe4 Bxe4 21. Rxc4 Bxf3 22. Rxc8 Rxc8 23. Bxf3 Bxb2 24. Rb1 Bg7 25. Bg4 Nf8 26. Rb5 Bc3 27. a3 d5 28. Rxd5 h5 29. Rc5 Rxc5 30. Bxc5 hxg4 31. hxg4 Nd7 32. Be3 Ne5 33. f3 Nc4 34. Bc5 Bb2 35. a4 Bc3 36. Kf1 Nb2 37. Ke2 Nxa4 38. Be3 Nb2 0-1

[Event "BCF-ch Seniors 50"]
[Site "Hull"]
[Date "2018.07.31"]
[Round "3"]
[White "Simons, Martin J"]
[Black "Robson, Paul E"]
[Result "0-1"]
[WhiteElo "2008"]
[BlackElo "1842"]
[PlyCount "106"]
[EventDate "2018.07.29"]
[EventType "swiss"]
[EventRounds "7"]
[EventCountry "ENG"]
[SourceTitle "CBM 185 Extra"]
[Source "ChessBase"]
[SourceDate "2018.07.29"]
[SourceVersion "1"]
[SourceVersionDate "2018.07.29"]
[SourceQuality "1"]

1. d4 c5 2. d5 Nf6 3. Nc3 d6 4. e4 g6 5. Bb5+ Bd7 6. a4 Na6 7. f4 Nc7 8. Be2 e6 9. dxe6 fxe6 10. Nf3 d5 11. e5 Ng4 12. h3 Nh6 13. g4 Bc6 14. Bb5 Qd7 15. Qe2 0-0-0 16. Bxc6 Qxc6 17. Nb5 Kb8 18. Nxc7 Qxc7 19. Be3 Nf7 20. Bf2 Qa5+ 21. Qd2 Qxd2+ 22. Kxd2 Bh6 23. g5 Bf8 24. h4 h5 25. Rhd1 Rd7 26. c4 Nd8 27. Kc3 Be7 28. Rd2 d4+ 29. Kd3 Nc6 30. Rdd1 Rf8 31. Ke4 Bd8 32. Be1 Rdf7 33. Bg3 Ba5 34. Ne1 Bxe1 35. Rxe1 Ne7 36. Rad1 Nf5 37. Bf2 Nxh4 38. Bg3 Ng2 39. Re2 Ne3 40. Rc1 h4 41. Bh2 Ng4 42. Rf1 Rf5 43. Kd3 Nxh2 44. Rxh2 Rxf4 45. Rfh1 Rf3+ 46. Ke2 Re3+ 47. Kd1 Rxe5 48. Rxh4 Rxg5 49. Rh7 Rgf5 50. Re7 Rf1+ 51. Rxf1 Rxf1+ 52. Kd2 Rf2+ 53. Ke1 Rf6 0-1

[Event "Gibraltar Amateur op-B"]
[Site "Caleta"]
[Date "2018.01.30"]
[Round "4"]
[White "Robson, Paul E"]
[Black "Bussmann, John"]
[Result "1-0"]
[WhiteElo "1857"]
[BlackElo "1713"]
[PlyCount "30"]
[EventDate "2018.01.27"]
[EventType "swiss"]
[EventRounds "5"]
[EventCountry "GGB"]
[SourceTitle "EXT 2019"]
[Source "ChessBase"]
[SourceDate "2018.10.10"]
[SourceVersion "1"]
[SourceVersionDate "2018.10.10"]
[SourceQuality "1"]

1. e4 d6 2. f4 g6 3. Nf3 Bg7 4. Bc4 Nf6 5. e5 dxe5 6. fxe5 Nh5 7. d4 Bg4 8. Bxf7+ Kf8 9. Bb3 Ke8 10. c3 e6 11. 0-0 c6 12. Nbd2 Nf4 13. Ne4 Rf8 14. Nd6+ Kd7 15. Nxb7 Qe8 1-0

[Event "BCF-chT1b 1617 (4NCL)"]
[Site "England"]
[Date "2017.02.12"]
[Round "6.77"]
[White "Robson, Paul E"]
[Black "Gantner, Matthias"]
[Result "0-1"]
[WhiteElo "1891"]
[BlackElo "2287"]
[PlyCount "76"]
[EventDate "2016.11.19"]
[EventType "team-tourn"]
[EventRounds "7"]
[EventCountry "ENG"]
[SourceTitle "EXT 2018"]
[Source "ChessBase"]
[SourceDate "2017.10.13"]
[SourceVersion "1"]
[SourceVersionDate "2017.10.13"]
[SourceQuality "1"]
[WhiteTeam "North East England"]
[BlackTeam "White Rose"]
[WhiteTeamCountry "ENG"]
[BlackTeamCountry "ENG"]

1. c4 f5 2. g3 Nf6 3. Bg2 g6 4. Nc3 Bg7 5. d4 0-0 6. Nf3 d6 7. 0-0 c6 8. Re1 Ne4 9. Qc2 Nxc3 10. bxc3 e5 11. d5 cxd5 12. cxd5 Na6 13. Nd2 Nc5 14. Nb3 Na4 15. e4 Qc7 16. Bd2 f4 17. gxf4 exf4 18. Nd4 Bxd4 19. Qxa4 Bb6 20. Qb5 Bd7 21. Qe2 Rae8 22. Kh1 Qc5 23. f3 Bb5 24. Qd1 Bc4 25. Qa4 Re5 26. Qb4 Qc7 27. Bf1 Bxf1 28. Rxf1 Qd7 29. Rac1 Rh5 30. Qc4 g5 31. Qe2 Rf6 32. Rc2 Rfh6 33. Bc1 Rh3 34. Qg2 Rg3 35. Qe2 Qh3 36. Bb2 g4 37. fxg4 f3 38. Qd2 Qxf1# 0-1

[Event "Gibraltar Amateur op-B"]
[Site "Caleta"]
[Date "2017.02.01"]
[Round "5"]
[White "Robson, Paul E"]
[Black "Garcia Blazquez, Perez Manuel"]
[Result "0-1"]
[WhiteElo "1897"]
[BlackElo "1851"]
[PlyCount "62"]
[EventDate "2017.01.28"]
[EventType "swiss"]
[EventRounds "5"]
[EventCountry "GGB"]
[SourceTitle "EXT 2018"]
[Source "ChessBase"]
[SourceDate "2017.10.13"]
[SourceVersion "1"]
[SourceVersionDate "2017.10.13"]
[SourceQuality "1"]

1. e4 c5 2. Nf3 Nc6 3. b3 Nf6 4. d3 g6 5. Bb2 Bg7 6. g3 0-0 7. Bg2 d5 8. exd5 Qxd5 9. 0-0 Bg4 10. h3 Bxf3 11. Bxf3 Qd7 12. Bg2 Nd4 13. Nd2 Rad8 14. Re1 Rfe8 15. Nc4 Nd5 16. Rb1 b5 17. Ne5 Qc7 18. f4 f6 19. Nf3 Nf5 20. Kh2 e5 21. fxe5 fxe5 22. Ng5 Nde3 23. Qe2 e4 24. Nxe4 Bxb2 25. Rxb2 Rxe4 26. dxe4 Nxg3 27. Qxe3 Nf1+ 28. Kg1 Nxe3 29. Rxe3 Rd1+ 30. Kf2 Qf4+ 31. Ke2 Re1+ 0-1

[Event "Gibraltar Amateur op-B"]
[Site "Caleta"]
[Date "2017.01.30"]
[Round "3"]
[White "Robson, Paul E"]
[Black "Winter, Kevin"]
[Result "1-0"]
[WhiteElo "1897"]
[BlackElo "1818"]
[PlyCount "59"]
[EventDate "2017.01.28"]
[EventType "swiss"]
[EventRounds "5"]
[EventCountry "GGB"]
[SourceTitle "EXT 2018"]
[Source "ChessBase"]
[SourceDate "2017.10.13"]
[SourceVersion "1"]
[SourceVersionDate "2017.10.13"]
[SourceQuality "1"]

1. e4 d6 2. f4 e5 3. Nf3 Nd7 4. Bc4 h6 5. d3 Ngf6 6. 0-0 Be7 7. Qe1 c6 8. fxe5 Nxe5 9. Nxe5 dxe5 10. Qg3 Kf8 11. Be3 b5 12. Bb3 Qd6 13. Nd2 Be6 14. h3 a5 15. Nf3 Bxb3 16. axb3 Nh5 17. Qxe5 Ng3 18. Qxd6 Bxd6 19. Rf2 Ke7 20. e5 Bb8 21. Bc5+ Ke6 22. Re1 Nf5 23. g4 Ne7 24. Nd4+ Kd5 25. Bxe7 Kxd4 26. Rxf7 Re8 27. e6 Ra7 28. Re4+ Kd5 29. Rf5+ Be5 30. Rfxe5# 1-0

[Event "Gibraltar Amateur op-B"]
[Site "Caleta"]
[Date "2017.01.29"]
[Round "2"]
[White "Ford, Clifton P"]
[Black "Robson, Paul E"]
[Result "0-1"]
[WhiteElo "1781"]
[BlackElo "1897"]
[PlyCount "72"]
[EventDate "2017.01.28"]
[EventType "swiss"]
[EventRounds "5"]
[EventCountry "GGB"]
[SourceTitle "EXT 2018"]
[Source "ChessBase"]
[SourceDate "2017.10.13"]
[SourceVersion "1"]
[SourceVersionDate "2017.10.13"]
[SourceQuality "1"]

1. d4 Nf6 2. c4 c5 3. d5 b5 4. cxb5 a6 5. Nc3 axb5 6. e4 b4 7. Nb5 d6 8. Bf4 g5 9. Bxg5 Nxe4 10. Bf4 Nf6 11. Bc4 Bg7 12. Qe2 0-0 13. Nf3 Nbd7 14. 0-0 Nb6 15. Rfd1 Nxc4 16. Qxc4 Qb6 17. a4 Bd7 18. Nh4 Rxa4 19. Rxa4 Bxb5 20. Qb3 Bxa4 21. Qxa4 Nh5 22. Bc1 e6 23. dxe6 fxe6 24. Qd7 d5 25. Re1 c4 26. Qxe6+ Qxe6 27. Rxe6 Ra8 28. Nf3 Ra1 29. Re1 d4 30. g4 d3 31. gxh5 Bxb2 32. Bd2 c3 33. Rxa1 Bxa1 34. Bc1 b3 35. Kf1 b2 36. Bxb2 Bxb2 0-1

[Event "Gibraltar Masters 15th"]
[Site "Caleta"]
[Date "2017.01.26"]
[Round "3"]
[White "De Haan, Eric"]
[Black "Robson, Paul E"]
[Result "1-0"]
[WhiteElo "2319"]
[BlackElo "1897"]
[PlyCount "49"]
[EventDate "2017.01.24"]
[EventType "swiss"]
[EventRounds "10"]
[EventCountry "GGB"]
[SourceTitle "CBM 177"]
[Source "ChessBase"]
[SourceDate "2017.03.16"]
[SourceVersion "1"]
[SourceVersionDate "2017.03.16"]
[SourceQuality "1"]

1. d4 Nf6 2. c4 c5 3. d5 b5 4. cxb5 a6 5. bxa6 g6 6. Nc3 Bg7 7. e4 d6 8. Nf3 Qa5 9. Bb5+ Kf8 10. Bd3 Bxa6 11. 0-0 Nbd7 12. Bxa6 Qxa6 13. h3 Ne8 14. Bf4 Nc7 15. Re1 f6 16. a4 Kf7 17. Qc2 Rhb8 18. Rab1 c4 19. Be3 Rb4 20. Nd4 Ne5 21. Red1 Qb7 22. f4 Nd7 23. Nc6 Rb3 24. Bd4 Nb8 25. Nd8+ 1-0

[Event "Gibraltar Amateur op-A"]
[Site "Caleta"]
[Date "2017.01.24"]
[Round "2"]
[White "Oliva Parra, Ernesto"]
[Black "Robson, Paul E"]
[Result "0-1"]
[WhiteElo "1578"]
[BlackElo "1897"]
[PlyCount "100"]
[EventDate "2017.01.23"]
[EventType "swiss"]
[EventRounds "5"]
[EventCountry "GGB"]
[SourceTitle "CBM 176 Extra"]
[Source "ChessBase"]
[SourceDate "2017.03.02"]
[SourceVersion "1"]
[SourceVersionDate "2017.03.02"]
[SourceQuality "1"]

1. e4 c5 2. Nf3 Nc6 3. Bc4 g6 4. Nc3 Bg7 5. Ne2 Nf6 6. d3 d6 7. h3 0-0 8. a3 Rb8 9. c3 b5 10. Ba2 a5 11. Bd2 b4 12. 0-0 Qb6 13. axb4 axb4 14. b3 Ba6 15. c4 Bb7 16. Rc1 Ra8 17. Bb1 Ra3 18. Bc2 Rfa8 19. Be3 Ne8 20. Qd2 Nc7 21. Bh6 Bh8 22. Ng5 f6 23. Nf3 Ne6 24. Nf4 Ned4 25. Nd5 Qd8 26. Qd1 Ra2 27. Nh4 Rb2 28. Qg4 Ne5 29. Qd1 Raa2 30. Ne3 Nf7 31. Bf4 g5 32. Bg3 gxh4 33. Bxh4 Bg7 34. Kh1 Bc8 35. Bb1 Ra3 36. Nc2 Raxb3 37. Ba2 Rxa2 38. Nxd4 Rbb2 39. Nf3 Bd7 40. d4 Ba4 41. Qe1 Re2 42. d5 Rxe1 43. Rfxe1 Qa5 44. Bg3 b3 45. Rb1 b2 46. Re2 Qc3 47. Bf4 Bc2 48. Bd2 Qxc4 49. Ree1 Bxb1 50. Rxb1 Ra1 0-1

[Event "BCF-chT3 1415 (4NCL)"]
[Site "England"]
[Date "2015.05.03"]
[Round "10.197"]
[White "Robson, Paul E"]
[Black "Karia, Rishul"]
[Result "1/2-1/2"]
[WhiteElo "1899"]
[BlackElo "1817"]
[PlyCount "36"]
[EventDate "2015.03.21"]
[EventType "team-swiss"]
[EventRounds "11"]
[EventCountry "ENG"]
[SourceTitle "EXT 2016"]
[Source "ChessBase"]
[SourceDate "2015.10.08"]
[SourceVersion "1"]
[SourceVersionDate "2015.10.08"]
[SourceQuality "1"]
[WhiteTeam "North East England II"]
[BlackTeam "Barnet Knights"]
[WhiteTeamCountry "ENG"]
[BlackTeamCountry "ENG"]

1. e4 e5 2. d4 exd4 3. Nf3 Nc6 4. Bc4 Nf6 5. e5 d5 6. Bb5 Ne4 7. Nxd4 Bd7 8. Bxc6 bxc6 9. 0-0 Be7 10. f3 Ng5 11. f4 Ne4 12. f5 Bc5 13. c3 Qe7 14. Nd2 Qxe5 15. Nxe4 dxe4 16. Bf4 Qd5 17. f6 gxf6 18. Bxc7 Bxd4+ 1/2-1/2

[Event "BCF-chT3 1415 (4NCL)"]
[Site "England"]
[Date "2015.05.02"]
[Round "9.197"]
[White "Majer, Christopher"]
[Black "Robson, Paul E"]
[Result "0-1"]
[WhiteElo "1945"]
[BlackElo "1899"]
[PlyCount "104"]
[EventDate "2015.03.21"]
[EventType "team-swiss"]
[EventRounds "11"]
[EventCountry "ENG"]
[SourceTitle "EXT 2016"]
[Source "ChessBase"]
[SourceDate "2015.10.08"]
[SourceVersion "1"]
[SourceVersionDate "2015.10.08"]
[SourceQuality "1"]
[WhiteTeam "MK Phoenix II"]
[BlackTeam "North East England II"]
[WhiteTeamCountry "ENG"]
[BlackTeamCountry "ENG"]

1. e4 c5 2. Nc3 g6 3. f4 Bg7 4. Nf3 Nc6 5. Bb5 Nd4 6. Nxd4 cxd4 7. Ne2 Nf6 8. Bd3 Qb6 9. b3 d6 10. Bb2 e5 11. 0-0 0-0 12. Qe1 Nxe4 13. Bxe4 d3+ 14. Kh1 dxe2 15. Qxe2 f6 16. f5 Bxf5 17. Bxf5 gxf5 18. Rxf5 Qc6 19. Rc1 Rad8 20. h3 Rf7 21. d3 d5 22. Qf2 d4 23. Re1 Rdd7 24. Re2 Bh6 25. Qf3 Qxf3 26. Rxf3 Be3 27. Rf1 Rc7 28. Bc1 Bxc1 29. Rxc1 Rc6 30. Rf1 Rfc7 31. Rff2 Kg7 32. Kh2 b5 33. Kg3 Ra6 34. Re4 Rxa2 35. Rg4+ Kf7 36. Rh4 Ke6 37. Rh6 Rf7 38. Kf3 a5 39. Ke4 a4 40. bxa4 bxa4 41. Rf5 Ke7 42. Rfh5 Rxc2 43. Rxh7 a3 44. Rxf7+ Kxf7 45. Rh7+ Ke6 46. Ra7 Re2+ 47. Kf3 Re3+ 48. Kf2 Rxd3 49. h4 Kf5 50. Ra6 Rd2+ 51. Ke1 Rxg2 52. Rxa3 Rh2 0-1

[Event "Commonwealth-ch"]
[Site "Glasgow"]
[Date "2014.07.07"]
[Round "8"]
[White "Robson, Paul E"]
[Black "Irving, Neil"]
[Result "1-0"]
[WhiteElo "1885"]
[BlackElo "1818"]
[PlyCount "87"]
[EventDate "2014.06.30"]
[EventType "swiss"]
[EventRounds "9"]
[EventCountry "SCO"]
[SourceTitle "CBM 161 Extra"]
[Source "ChessBase"]
[SourceDate "2014.08.29"]
[SourceVersion "1"]
[SourceVersionDate "2014.08.29"]
[SourceQuality "1"]

1. e4 d5 2. exd5 Qxd5 3. Nc3 Qd6 4. Nf3 Nf6 5. h3 a6 6. Be2 Nc6 7. 0-0 e5 8. d3 Be6 9. Ng5 0-0-0 10. Nxe6 Qxe6 11. Be3 Be7 12. Re1 Kb8 13. Bf3 h6 14. Qe2 Rhe8 15. a3 Ng8 16. b4 f5 17. b5 axb5 18. Nxb5 Nf6 19. Bxc6 Qxc6 20. Rab1 Bc5 21. a4 Nd5 22. Rb3 Nxe3 23. fxe3 f4 24. Kh1 Bxe3 25. Reb1 Rf8 26. Nc3 Bd4 27. Ne4 b6 28. a5 Kb7 29. axb6 cxb6 30. c3 Be3 31. c4 Kc7 32. c5 Bxc5 33. Nxc5 Qxc5 34. Qb2 Kd7 35. Rxb6 Ke7 36. Rc1 Qd4 37. Rc7+ Rd7 38. Qb3 Rfd8 39. Rxd7+ Rxd7 40. Qe6+ Kf8 41. Rb8+ Rd8 42. Rb7 Qd5 43. Qe7+ Kg8 44. Qxg7# 1-0

[Event "Commonwealth-ch"]
[Site "Glasgow"]
[Date "2014.07.06"]
[Round "7"]
[White "Zamvar, Vipin"]
[Black "Robson, Paul E"]
[Result "0-1"]
[WhiteElo "1641"]
[BlackElo "1885"]
[PlyCount "80"]
[EventDate "2014.06.30"]
[EventType "swiss"]
[EventRounds "9"]
[EventCountry "SCO"]
[SourceTitle "CBM 161 Extra"]
[Source "ChessBase"]
[SourceDate "2014.08.29"]
[SourceVersion "1"]
[SourceVersionDate "2014.08.29"]
[SourceQuality "1"]

1. e4 c5 2. Nf3 Nc6 3. d4 cxd4 4. Nxd4 g6 5. Nc3 Bg7 6. Be3 Nf6 7. Bc4 d6 8. f3 Qb6 9. Bb3 Ng4 10. Nd5 Nxe3 11. Nxb6 Bxd4 12. Qd2 Bxb6 13. c3 Bd7 14. Rc1 Rc8 15. a3 0-0 16. Ba2 Rfd8 17. c4 Bd4 18. b4 e5 19. g4 Be6 20. h4 Ne7 21. g5 Bxc4 22. Bxc4 Nxc4 23. Qa2 b5 24. h5 Nb2 25. Ke2 gxh5 26. Rxc8 Rxc8 27. Rxh5 Rc2+ 28. Kf1 Rf2+ 29. Kg1 Nc4 30. Qxf2 Bxf2+ 31. Kxf2 Nxa3 32. Rh1 Nc6 33. Rd1 Nc4 34. Rb1 Kg7 35. Kg3 Kg6 36. f4 exf4+ 37. Kxf4 N6e5 38. Rd1 Kg7 39. Ra1 Nd3+ 40. Kf5 Ne3# 0-1

[Event "Commonwealth-ch"]
[Site "Glasgow"]
[Date "2014.07.04"]
[Round "5"]
[White "Grant, Alan"]
[Black "Robson, Paul E"]
[Result "1-0"]
[WhiteElo "2158"]
[BlackElo "1885"]
[PlyCount "93"]
[EventDate "2014.06.30"]
[EventType "swiss"]
[EventRounds "9"]
[EventCountry "SCO"]
[SourceTitle "CBM 161 Extra"]
[Source "ChessBase"]
[SourceDate "2014.08.29"]
[SourceVersion "1"]
[SourceVersionDate "2014.08.29"]
[SourceQuality "1"]

1. c4 g6 2. g3 Bg7 3. Bg2 d6 4. Nc3 c5 5. a3 Nc6 6. Rb1 Nf6 7. Nf3 Bf5 8. d3 Qc8 9. b4 cxb4 10. axb4 Bh3 11. 0-0 Bxg2 12. Kxg2 Ng4 13. Nd5 e6 14. Ne3 Nxe3+ 15. Bxe3 0-0 16. Qd2 Ne5 17. Nxe5 Bxe5 18. Rfc1 Qc6+ 19. Kg1 Qd7 20. d4 Bf6 21. d5 Rfd8 22. Rd1 b5 23. dxe6 fxe6 24. c5 d5 25. Rbc1 Qc6 26. h4 a5 27. bxa5 d4 28. Bg5 Bxg5 29. Qxg5 Rd5 30. Qg4 e5 31. h5 Rxa5 32. h6 b4 33. Qg5 Ra7 34. e4 dxe3 35. Qxe3 Rad7 36. Qb3 Kf8 37. Rxd5 Rxd5 38. Qxb4 Rd4 39. Qb8+ Qe8 40. Qb6 Qd8 41. Qe6 Qe7 42. Qb3 Qc7 43. c6 Ke7 44. Qg8 Kd6 45. Qf8+ Ke6 46. Qg7 Kd6 47. f4 1-0

[Event "Commonwealth-ch"]
[Site "Glasgow"]
[Date "2014.07.04"]
[Round "4"]
[White "Robson, Paul E"]
[Black "Leckie, Robert"]
[Result "1-0"]
[WhiteElo "1885"]
[BlackElo "1182"]
[PlyCount "37"]
[EventDate "2014.06.30"]
[EventType "swiss"]
[EventRounds "9"]
[EventCountry "SCO"]
[SourceTitle "CBM 161 Extra"]
[Source "ChessBase"]
[SourceDate "2014.08.29"]
[SourceVersion "1"]
[SourceVersionDate "2014.08.29"]
[SourceQuality "1"]

1. e4 c6 2. Nc3 d5 3. d3 e6 4. g3 Nd7 5. Bg2 d4 6. Nce2 e5 7. f4 c5 8. Nf3 Bd6 9. 0-0 f6 10. Bd2 Ne7 11. Kh1 Nc6 12. Nh4 Nf8 13. Nf5 Bxf5 14. exf5 Qc7 15. fxe5 Nxe5 16. Nf4 0-0-0 17. c3 Nc6 18. Qa4 Qa5 19. Bxc6 1-0

[Event "Commonwealth-ch"]
[Site "Glasgow"]
[Date "2014.07.02"]
[Round "3"]
[White "Michelle, Catherina P"]
[Black "Robson, Paul E"]
[Result "1-0"]
[WhiteElo "2128"]
[BlackElo "1885"]
[PlyCount "31"]
[EventDate "2014.06.30"]
[EventType "swiss"]
[EventRounds "9"]
[EventCountry "SCO"]
[SourceTitle "CBM 161 Extra"]
[Source "ChessBase"]
[SourceDate "2014.08.29"]
[SourceVersion "1"]
[SourceVersionDate "2014.08.29"]
[SourceQuality "1"]

1. e4 c5 2. Nf3 g6 3. d4 cxd4 4. Nxd4 Bg7 5. c4 Nc6 6. Be3 Nf6 7. Nc3 Ng4 8. Qxg4 Nxd4 9. Qd1 Ne6 10. Qd2 Qa5 11. Rc1 b6 12. Be2 Bb7 13. f3 g5 14. 0-0 Be5 15. Rfd1 d6 16. a3 1-0

[Event "BCF-chT3 1314 (4NCL)"]
[Site "England"]
[Date "2014.03.23"]
[Round "8.80"]
[White "Robson, Paul E"]
[Black "Spencer, Douglas"]
[Result "1/2-1/2"]
[WhiteElo "1895"]
[BlackElo "1889"]
[PlyCount "46"]
[EventDate "2013.11.16"]
[EventType "team-swiss"]
[EventRounds "11"]
[EventCountry "ENG"]
[SourceTitle "EXT 2015"]
[Source "ChessBase"]
[SourceDate "2014.11.20"]
[SourceVersion "1"]
[SourceVersionDate "2014.11.20"]
[SourceQuality "1"]
[WhiteTeam "North East England"]
[BlackTeam "West is Best"]
[WhiteTeamCountry "ENG"]
[BlackTeamCountry "ENG"]

1. e4 e5 2. d4 exd4 3. Nf3 d6 4. c3 Nf6 5. Bc4 Be7 6. Qb3 0-0 7. e5 d5 8. Bd3 Ne4 9. cxd4 c6 10. Nc3 Nxc3 11. bxc3 Re8 12. 0-0 Nd7 13. Ne1 Nf8 14. f4 f5 15. Qc2 g6 16. Kh1 Ne6 17. g4 Ng7 18. g5 Bd6 19. Qf2 Kf7 20. Be3 Qc7 21. Rc1 b5 22. Be2 Rh8 23. Nd3 a6 1/2-1/2

[Event "Reykjavik op"]
[Site "Reykjavik"]
[Date "2014.03.10"]
[Round "8"]
[White "Bongartz, Philipp"]
[Black "Robson, Paul E"]
[Result "1-0"]
[WhiteElo "2143"]
[BlackElo "1915"]
[PlyCount "41"]
[EventDate "2014.03.04"]
[EventType "swiss"]
[EventRounds "10"]
[EventCountry "ISL"]
[SourceTitle "CBM 159 Extra"]
[Source "ChessBase"]
[SourceDate "2014.04.24"]
[SourceVersion "1"]
[SourceVersionDate "2014.04.24"]
[SourceQuality "1"]

1. e4 c5 2. Nf3 Nc6 3. d4 cxd4 4. Nxd4 g6 5. Nxc6 bxc6 6. Qd4 Nf6 7. e5 Nh5 8. Nc3 d5 9. Be3 f6 10. Qa4 e6 11. g4 fxe5 12. gxh5 d4 13. 0-0-0 Qb6 14. Rxd4 Rb8 15. b3 Ba3+ 16. Kb1 Bc5 17. Rd1 Bxe3 18. fxe3 0-0 19. hxg6 Qxe3 20. Bd3 e4 21. gxh7+ 1-0